Life after Lisbon (Record no. 352273)
[ view plain ]
| 000 -LEADER | |
|---|---|
| fixed length control field | 00552nam a2200109Ia 4500 |
| 008 - FIXED-LENGTH DATA ELEMENTS--GENERAL INFORMATION | |
| fixed length control field | 171212s9999 xx 000 0 und d |
| 100 ## - MAIN ENTRY--PERSONAL NAME | |
| Personal name | van Stolk, Christian;Hoorens, Stijn;Brutscher, Philipp-Bastian;Hunt, Priscillia;Tsang, Flavia |
| 245 ## - TITLE STATEMENT | |
| Statement of responsibility, etc | van Stolk, Christian;Hoorens, Stijn;Brutscher, Philipp-Bastian;Hunt, Priscillia;Tsang, Flavia |
| Title | Life after Lisbon |
| Remainder of title | Europe’s Challenges to Promote Labour Force Participation and Reduce Income Inequality |
| 260 ## - PUBLICATION, DISTRIBUTION, ETC. (IMPRINT) | |
| Name of publisher, distributor, etc | RAND Corporation |
| Date of publication, distribution, etc | 2011 |
| 650 ## - SUBJECT ADDED ENTRY--TOPICAL TERM | |
| Topical term or geographic name as entry element | Law |
| 856 ## - ELECTRONIC LOCATION AND ACCESS | |
| Uniform Resource Identifier | <a href="www.jstor.org/stable/10.7249/mg1068re">www.jstor.org/stable/10.7249/mg1068re</a> |
| Withdrawn status | Lost status | Damaged status | Home library | Current library | Date acquired | Total Checkouts | Date last seen | Price effective from | Koha item type |
|---|---|---|---|---|---|---|---|---|---|
| College Library | College Library | 12/12/2017 | 12/12/2017 | 12/12/2017 | Curriculum - Based eBooks |